| 000 | 00428pab a2200157 454500 | ||
|---|---|---|---|
| 008 | 180718b2004 xxu||||| |||| 00| 0 eng d | ||
| 100 | _aGupta, R.K. | ||
| 245 | _aData on lockouts in West Bengal: a rejoinder | ||
| 260 | _c2004 | ||
| 300 | _ap.147-49. | ||
| 362 | _aJan-Mar | ||
| 650 | _aLabour relations - India - West Bengal | ||
| 650 | _aLabour relations | ||
| 773 | _aIndian Journal of Labour Economics | ||
| 909 | _a61189 | ||
| 999 |
_c61189 _d61189 |
||